| 000 | 00656nam a2200193 i 4500 | ||
|---|---|---|---|
| 001 | 128668 | ||
| 003 | ES-MaACL | ||
| 005 | 20230906193334.0 | ||
| 007 | t| | ||
| 008 | 070523s1967 sp |||| | spa d | ||
| 080 | _a946.711 B."1961/..." | ||
| 100 | 1 |
_aTarín Iglesias, Josep. _9109293 |
|
| 245 | 1 | 0 |
_aUn año de vida barcelonesa / _cJosep Tarín Iglesias. |
| 260 |
_a[Barcelona : _bs.n., _c1967] ( _fImp. Vda. de Rodríguez Ferrán) |
||
| 300 |
_a23 h. : _bil. ; _c27 cm. |
||
| 500 | _aTirada aparte de "Miscellanea Barcinonensia", 1967, p. 195-187. | ||
| 651 | 4 |
_aBarcelona- _xPolítica y gobierno- _y1939-1975. _9168149 |
|
| 852 |
_aES-MaACL _jC-34324 |
||
| 999 |
_c128668 _d128668 |
||